Piłkarska kariera Bruno Fernandesa. - Statystyki

Ogólne statystyki
  • Ten quiz został rozwiązany 71 razy
  • Średni wynik to 4 z 7
Statystyki odpowiedzi
Lata Drużyna % Poprawnych
2020-teraz Manchester United
98%
2017-2020 Sporting
93%
2013-2016 Udinese
44%
2017-2017 Udinese
44%
2016-2017 Sampdoria
36%
2017-2017 Sampdoria
36%
2012-2013 Novara
15%
Nie znaleziono quizów pasujących do podanych kryteriów
Rozkład punktacji
Procent ludzi z każdym wynikiem
Percentyl według liczby udzielonych odpowiedzi
Twoja historia wyników
Nie rozwiązałeś tego quizu